[Event "Enniscrone Sligo op-B"]
[Site "Enniscrone"]
[Date "2025.01.31"]
[Round "1"]
[White "Du Berry, Ross"]
[Black "Slevin, Sean"]
[Result "1-0"]
[WhiteElo "1843"]
[BlackElo "1737"]
[PlyCount "37"]
[EventDate "2025.01.31"]
[EventType "swiss"]
[EventRounds "5"]
[EventCountry "IRL"]
[SourceTitle "CB06_2025"]
[SourceDate "2025.02.05"]
[SourceVersion "1"]
[SourceVersionDate "2025.02.05"]
[SourceQuality "1"]

1. Nf3 Nc6 2. d4 d5 3. c4 e6 4. cxd5 exd5 5. Nc3 Nf6 6. Bg5 Bb4 7. e3 h6 8. Bh4 Bg4 9. Be2 Qd6 10. 0-0 Bxc3 11. bxc3 Ne4 12. Qc2 Qg6 13. Rfb1 b6 14. c4 a5 15. cxd5 Nb4 16. Rxb4 axb4 17. Ne5 b3 18. Bb5+ c6 19. Bxc6+ 1-0